000 00601nam a22001933a 4500
005 20240111063546.0
008 011002s1999 mx r 000 0 spa d
020 _a9507248897
035 _aUPN01000112400
049 _aCG
050 4 _aPN4086
_bP7.4
100 1 _aPrieto Castillo, Daniel,
_d1942-
_929583
245 1 3 _aEl juego discursivo :
_bmanual de anĂ¡lisis de estrategias discursivas /
_cDaniel Prieto Castillo.
260 _aBuenos Aires :
_bLumen-Humanitas,
_c1999.
300 _a224 p.
650 4 _aCONFERENCIAS Y EL ARTE DE DISERTAR
_911496
650 2 _aOratoria
_94605
905 _aLibro
999 _c86308
_d86308